Statistics for London Underground!

Click here to take the quiz!

General Stats

  • This quiz has been taken 15 times
  • The average score is 8 of 15

Answer Stats

Question:Answer:% Correct
How many lines are existing now?11
92%
What is the line that has the most stations?District
85%
Which line is the newest?Elizabeth
85%
Which line has the most spilts?Northern
85%
Who was the first reigning monarch to ride on the Tube?Queen Elizabeth II
85%
When was the year for the first line to open?1863
69%
What is the first line to open?Metropolitan
69%
How long has it been since the London Underground opened (2024 now)?161
62%
How many stations are there in Central London/Zone 1?
61
38%
How many stations are there in London?270
31%
What is the newest station?Nine Elms
31%
How many stations are there on the London Overground?112
23%
What is the longest route on the London Overground?Stratford - Richmond
15%
Which station has the most lines?King's Cross St Pancras International
8%
What was the first route for the first line to open?Paddington - Farringdon
8%

Score Distribution

Percentile by Number Answered

Percent of People with Each Score

Your Score History

You have not taken this quiz